|
|
|
|
| LEADER |
03869nam a2200865 i 4500 |
| 001 |
nkc20223419036 |
| 003 |
CZ PrNK |
| 005 |
20231207101625.0 |
| 007 |
ta |
| 008 |
220503s2021 xr abchf 000 0 cze |
| 015 |
|
|
|a cnb003419036
|
| 020 |
|
|
|a 978-80-85115-49-9
|q (brožováno)
|
| 035 |
|
|
|a (OCoLC)1329408052
|
| 040 |
|
|
|a BOA001
|b cze
|e rda
|
| 041 |
1 |
|
|a cze
|a ger
|h cze
|h ger
|
| 043 |
|
|
|a e-xr---
|b e-xr-cc
|a e-gx---
|2 czenas
|
| 045 |
|
|
|a x-x-
|
| 072 |
|
7 |
|a 688
|x Dekorační předměty. Hračky. Galanterie
|2 Konspekt
|9 19
|
| 080 |
|
|
|a 688.7:338.45
|2 MRF
|
| 080 |
|
|
|a 688.7
|2 MRF
|
| 080 |
|
|
|a 334.712
|2 MRF
|
| 080 |
|
|
|a 67/68(091)
|2 MRF
|
| 080 |
|
|
|a (437.31-15)
|2 MRF
|
| 080 |
|
|
|a (430-11)
|2 MRF
|
| 080 |
|
|
|a (048.8:082)
|2 MRF
|
| 080 |
|
|
|a (084.12)
|2 MRF
|
| 100 |
1 |
|
|a Kirsche, Albrecht,
|d 1953-
|7 kv20191032777
|4 aut
|
| 245 |
1 |
0 |
|a Hračkářský průmysl v Krušnohoří :
|b dvě země - dvě cesty = Erzgebirgische Spielzeugindustrie : zwei Länder - zwei Wege /
|c autoři textů: Albrecht Kirsche, Volker Mühl, Katharina Scheithauer, Michal B. Soukup, Dieter Uhlmann ; překlad: Luise Zelenková
|
| 246 |
3 |
1 |
|a Erzgebirgische Spielzeugindustrie
|
| 264 |
|
1 |
|a Most :
|b Oblastní muzeum a galerie v Mostě,
|c 2021
|
| 300 |
|
|
|a 208 stran :
|b ilustrace (převážně barevné), mapy, portréty, faksimile ;
|c 28 cm
|
| 336 |
|
|
|a text
|b txt
|2 rdacontent
|
| 336 |
|
|
|a statický obraz
|b sti
|2 rdacontent
|
| 337 |
|
|
|a bez média
|b n
|2 rdamedia
|
| 338 |
|
|
|a svazek
|b nc
|2 rdacarrier
|
| 500 |
|
|
|a 1000 výtisků
|
| 504 |
|
|
|a Obsahuje bibliografie a bibliografické odkazy
|
| 546 |
|
|
|a Souběžný německý text
|
| 648 |
|
7 |
|a 20. století
|7 ch460558
|2 czenas
|
| 650 |
0 |
7 |
|a hračkářský průmysl
|7 ph655700
|z Česko
|y 20. století
|2 czenas
|
| 650 |
0 |
7 |
|a hračkářský průmysl
|7 ph655700
|z Německo
|y 20. století
|2 czenas
|
| 650 |
0 |
7 |
|a hračky
|7 ph114712
|z Česko
|y 20. století
|2 czenas
|
| 650 |
0 |
7 |
|a hračky
|7 ph114712
|z Německo
|y 20. století
|2 czenas
|
| 650 |
0 |
7 |
|a výroba hraček
|7 ph270799
|z Česko
|y 20. století
|2 czenas
|
| 650 |
0 |
7 |
|a výroba hraček
|7 ph270799
|z Německo
|y 20. století
|2 czenas
|
| 650 |
0 |
7 |
|a řemeslná výroba
|7 ph128289
|z Česko
|y 20. století
|2 czenas
|
| 650 |
0 |
7 |
|a řemeslná výroba
|7 ph128289
|z Německo
|y 20. století
|2 czenas
|
| 650 |
0 |
7 |
|a dějiny řemesel
|7 ph488970
|z Česko
|y 20. století
|2 czenas
|
| 650 |
0 |
7 |
|a dějiny řemesel
|7 ph488970
|z Německo
|y 20. století
|2 czenas
|
| 650 |
0 |
9 |
|a toy industry
|z Czechia
|y 20th century
|2 eczenas
|
| 650 |
0 |
9 |
|a toy industry
|z Germany
|y 20th century
|2 eczenas
|
| 650 |
0 |
9 |
|a toys
|z Czechia
|y 20th century
|2 eczenas
|
| 650 |
0 |
9 |
|a toys
|z Germany
|y 20th century
|2 eczenas
|
| 650 |
0 |
9 |
|a toy manufacture
|z Czechia
|y 20th century
|2 eczenas
|
| 650 |
0 |
9 |
|a toy manufacture
|z Germany
|y 20th century
|2 eczenas
|
| 650 |
0 |
9 |
|a handicraft production
|z Czechia
|y 20th century
|2 eczenas
|
| 650 |
0 |
9 |
|a handicraft production
|z Germany
|y 20th century
|2 eczenas
|
| 650 |
0 |
9 |
|a history of handicrafts
|z Czechia
|y 20th century
|2 eczenas
|
| 650 |
0 |
9 |
|a history of handicrafts
|z Germany
|y 20th century
|2 eczenas
|
| 651 |
|
7 |
|a Krušné hory (Česko a Německo : oblast)
|7 ge134292
|2 czenas
|
| 651 |
|
9 |
|a Krušné hory Mountains Region (Czechia and Germany)
|2 eczenas
|
| 655 |
|
7 |
|a kolektivní monografie
|7 fd501537
|2 czenas
|
| 655 |
|
7 |
|a fotografické publikace
|7 fd132276
|2 czenas
|
| 655 |
|
9 |
|a collective monographs
|2 eczenas
|
| 655 |
|
9 |
|a photographical works
|2 eczenas
|
| 700 |
1 |
|
|a Mühl, Volker
|4 aut
|
| 700 |
1 |
|
|a Scheithauer, Katharina,
|d 1967-
|7 mzk20221150422
|4 aut
|
| 700 |
1 |
|
|a Soukup, Michal B.,
|d 1977-
|7 xx0113840
|4 aut
|
| 700 |
1 |
|
|a Uhlmann, Dieter
|4 aut
|
| 700 |
1 |
|
|a Zelenková, Luise,
|d 1966-
|7 xx0302640
|4 trl
|
| 910 |
2 |
|
|a BOA001
|b 3-1487.142
|
| 990 |
|
|
|a BK
|
| 995 |
|
|
|a 01
|
| 991 |
|
|
|b 202205
|c NOV
|
| 996 |
6 |
|
|b 2610903329
|c 3-1487.142
|l MZK
|r Sklad / do 1 hodiny
|n 1
|p p.v.
|w 001887150
|u 000010
|a 1
|e BOA001
|j MZK50
|s P
|